Modernidad y cultura crítica
Furkejuvvon:
| Váldodahkki: | |
|---|---|
| Materiálatiipa: | Girji |
| Giella: | espánnjágiella |
| Almmustuhtton: |
Buenos Aires
Paidós
1998
|
| Ráidu: | Colección Espacios del Saber Paidos, 7
|
| Fáttát: | |
| Fáddágilkorat: |
Lasit fáddágilkoriid
Eai fáddágilkorat, Lasit vuosttaš fáddágilkora!
|
MARC
| LEADER | 00000nam a2200000 a 4500 | ||
|---|---|---|---|
| 001 | UCP3104 | ||
| 003 | CL-VaPUC | ||
| 008 | 990611e19980000AG |||||||||||||||||spa|d | ||
| 020 | |a 9501265072 | ||
| 082 | 0 | 4 | |a 190 |b CAS |2 21 |
| 100 | 0 | |a Casullo, Nicolás |e author |9 430217 | |
| 245 | 1 | 0 | |a Modernidad y cultura crítica |
| 300 | |a 229 p | ||
| 942 | |c BK | ||
| 945 | |d 19990611 00:00:00 |a rbrito | ||
| 260 | |a Buenos Aires |b Paidós |c 1998 | ||
| 650 | 0 | |a Modernismo |9 267987 | |
| 650 | 0 | |a Cultura |9 269059 | |
| 650 | 0 | |a Filosofía moderna |9 258121 | |
| 583 | |a last modification |c 19990611 00:00:00 |k Rodrigo Vera | ||
| 490 | 0 | |a Colección Espacios del Saber Paidos, 7 | |
| 999 | |c 281534 |d 281532 | ||
| 952 | |0 0 |1 0 |4 0 |6 190_000000000000000_CAS_1998 |7 0 |8 A |9 322312 |a FDOPOS |b FDOPOS |d 2019-11-20 |i 3530094 |o 190 CAS 1998 |p 3530094 |r 2025-01-22 |w 2019-11-20 |y BK |k MLH | ||
| 952 | |0 0 |1 2 |4 0 |6 190_000000000000000_CAS_1998 |7 0 |8 A |9 322313 |a BIBTEO |b BIBTEO |d 2019-11-20 |i 3552322 |o 190 CAS 1998 |p 3552322 |r 2019-11-20 |w 2019-11-20 |y BK |k ICR | ||
| 952 | |0 0 |1 0 |4 0 |6 190_000000000000000_CAS_1998 |7 0 |8 A |9 322314 |a FDOPOS |b FDOPOS |d 2019-11-20 |i 4373251 |o 190 CAS 1998 |p 4373251 |r 2025-01-22 |w 2019-11-20 |y BK |k MLH | ||